000 02154nam a22003617a 4500
001 103957
003 KnowledgeUnlatched
005 20210303104755.0
006 m o d
007 cr u||||||||||
008 210129p20202020xx o u00| u eng d
037 _5BiblioBoard
245 0 0 _aAncient Worlds in Film and Television
_bGender and Politics /
_cJon Solomon, Almut-Barbara Renger.
020 _a9789004241923
029 1 _ahttps://library.biblioboard.com/ext/api/media/9f2359ba-c697-4538-92c2-ead14bb675c1/assets/thumbnail.jpg
040 _aScCtBLL
_cScCtBLL
506 0 _aAccess copy available to the general public.
_fUnrestricted
_2star
700 1 _aSolomon, Jon
_eeditor.
700 1 _aRenger, Almut-Barbara
_eeditor.
264 1 _bBrill,
300 _a1 online resource (1 p.)
520 _aMore than a century ago, filmmakers made their primary focus innovative and widely promulgated visions of antiquity, creating a profound effect on the critical, popular, and scholarly reception of antiquity. In this volume, scholars from a variety of countries and varying academic disciplines have addressed film's way of using the field of Classical Reception to investigate, contemplate, and develop hypotheses about present-day culture, society, and politics, with a particular emphasis on gender and gender roles, their relationship to one another, and how filmic constructions of masculinity and femininity shape and are shaped by interacting economic, political, and ideological practices.
588 0 _aDescription based on print version record.
590 _aKU Select 2019: HSS Backlist Books
650 7 _aSocial Science / Media Studies
_2bisacsh
650 0 _aSocial sciences
655 0 _aElectronic books.
758 _iIs found in:
_aKnowledge Unlatched
_1https://openresearchlibrary.org/module/2774bc74-146a-484f-a7ba-ab1d6a09bbfb
856 4 0 _uhttps://openresearchlibrary.org/content/9f2359ba-c697-4538-92c2-ead14bb675c1
_zView this content on Open Research Library.
_70
999 _c32588
_d32588